00628cam a2200169 a 4500040000800000082002700008100001600035245009000051260006900141300002000210500002000230650003200250700001900282942001000301999001700311952013000328 cDLC00a630 FOO 1982 C160 Or.1 aAllo, A. V.14aThe farm advisor :ba discussion of agricultural extension for developing countries / aTaipei, Taiwan :bFood and Fertilizer Technology Center,c[1982] a90 p. ;c26 cm. a"January 1982." 0aAgricultural extension work1 aSchwass, R. H. cAEDBB c19063d19063 0010406630_000000000000000_FOO_1982_C160_OR70983812aLBCbLBCd2020-03-04eA38938o630 FOO 1982 C160 Or.r2020-03-04yEK